[Event "Sunway Sitges Open 2018"]
[Site "Sitges ESP"]
[Date "2018.12.18"]
[Round "5.13"]
[White "Garriga Cazorla, Pere"]
[Black "Santos Latasa, Jaime"]
[Result "0-1"]
[WhiteTitle "IM"]
[BlackTitle "GM"]
[WhiteElo "2448"]
[BlackElo "2584"]
[WhiteFideId "32011601"]
[BlackFideId "2293307"]
[EventDate "2018.12.14"]

1. d4 Nf6 2. c4 e6 3. Nf3 d5 4. Nc3 Bb4 5. cxd5 exd5 6. Bg5 h6 7. Bxf6 Qxf6 8.
Qa4+ Nc6 9. e3 O-O 10. Be2 Be6 11. O-O a6 12. Rfc1 Bd6 13. Qd1 Ne7 14. a3 g5 15.
g3 Qg7 16. Ne1 f5 17. Nd3 f4 18. Bg4 Nf5 19. Qd2 Rae8 20. Re1 fxe3 21. fxe3 Nxd4
22. Bxe6+ Nxe6 23. Nxd5 Nd4 24. exd4 Qxd4+ 25. Ne3 Rf3 26. Rad1 Rexe3 27. Rxe3
Rxe3 28. Nf2 Qxd2 29. Rxd2 Kg7 30. Nd3 Kg6 31. Kf2 Re4 32. Kf3 Re8 33. Nf2 h5
34. Ne4 g4+ 35. Ke3 Bc5+ 36. Kf4 Bf8 37. h4 Bh6+ 38. Ng5 Bg7 0-1

[Event "Sunway Sitges Open 2018"]
[Site "Sitges ESP"]
[Date "2018.12.18"]
[Round "5.14"]
[White "Sadhwani, Raunak"]
[Black "Xu, Xiangyu"]
[Result "1-0"]
[WhiteTitle "IM"]
[BlackTitle "GM"]
[WhiteElo "2434"]
[BlackElo "2565"]
[WhiteFideId "35093487"]
[BlackFideId "8608288"]
[EventDate "2018.12.14"]

1. e4 c5 2. Nf3 Nc6 3. d4 cxd4 4. Nxd4 Nf6 5. Nc3 d6 6. Bg5 e6 7. Qd2 a6 8.
O-O-O Be7 9. f4 Bd7 10. Kb1 h6 11. Bh4 O-O 12. Nf3 Qa5 13. g4 Nxg4 14. Bxe7 Nxe7
15. Qxd6 Rfe8 16. Rg1 Nf6 17. Qe5 Qb6 18. Rxd7 Ng6 19. Rxg6 fxg6 20. Rd6 Qf2 21.
Be2 Rad8 22. Qd4 Qxd4 23. Rxd4 Rxd4 24. Nxd4 e5 25. fxe5 Rxe5 26. Nf3 Re8 27. e5
Ng4 28. Bc4+ Kf8 29. e6 Ke7 30. h3 Rf8 31. Nd4 Ne3 32. Bd3 Rf4 33. Nce2 Rf1+ 34.
Nc1 Rf4 35. c3 g5 36. a4 h5 37. Nce2 Rf1+ 38. Ka2 h4 39. a5 g4 40. hxg4 h3 41.
Be4 h2 42. Ng3 Rg1 43. Nh1 Kd6 44. Bxb7 Nd5 45. Bxd5 Kxd5 46. e7 Re1 47. Nf3
Rxe7 48. Nxh2 Ke4 49. Ng3+ Kf4 50. Ngf1 Re2 51. Ka3 Rf2 52. b3 Ke4 53. Kb4 Kd3
54. c4 Rf8 55. Ng3 g6 56. g5 Rb8+ 57. Ka4 Ke3 58. Nhf1+ Kd3 59. Nh2 Ke3 60.
Ngf1+ Ke2 61. b4 Kd3 62. Kb3 Rf8 63. b5 axb5 64. cxb5 Kd4 65. Kb4 Rf2 66. Nd2
Kd5 1-0

[Event "Sunway Sitges Open 2018"]
[Site "Sitges ESP"]
[Date "2018.12.18"]
[Round "5.16"]
[White "Di Nicolantonio, Lucas"]
[Black "Harutyunian, Tigran K."]
[Result "0-1"]
[WhiteTitle "FM"]
[BlackTitle "IM"]
[WhiteElo "2389"]
[BlackElo "2528"]
[WhiteFideId "680460"]
[BlackFideId "13303635"]
[EventDate "2018.12.14"]

1. e4 e5 2. Nf3 Nc6 3. d4 exd4 4. Nxd4 Bc5 5. Nb3 Bb6 6. Nc3 a5 7. Nd5 Nf6 8.
Nxb6 cxb6 9. Bd3 O-O 10. O-O d5 11. exd5 Qxd5 12. Be3 a4 13. Nd4 Ne5 14. Be2 Nc4
15. Bc1 Qc5 16. c3 Re8 17. Qd3 Bg4 18. f3 Be6 19. Kh1 Ne5 20. Nxe6 Rxe6 21. Qb5
Qc8 22. Bd1 Ra5 23. Qe2 Neg4 24. Qc2 Qc4 25. Rg1 Re2 0-1

[Event "Sunway Sitges Open 2018"]
[Site "Sitges ESP"]
[Date "2018.12.18"]
[Round "5.19"]
[White "Pogorelov, Ruslan"]
[Black "Gordievsky, Dmitry"]
[Result "1/2-1/2"]
[WhiteTitle "GM"]
[BlackTitle "GM"]
[WhiteElo "2354"]
[BlackElo "2614"]
[WhiteFideId "14100363"]
[BlackFideId "24112798"]
[EventDate "2018.12.14"]

1. Nf3 d6 2. d4 f5 3. g3 Nf6 4. Bg2 g6 5. c4 Bg7 6. b4 O-O 7. Bb2 c6 8. O-O Na6
9. Qb3 Nc7 10. a4 h6 11. Nbd2 Be6 12. b5 Qd7 13. Ne1 g5 14. Nd3 Rab8 15. Qc2 f4
16. gxf4 Bh3 17. fxg5 hxg5 18. f3 Bf5 19. e4 Bh7 20. Qb3 Nh5 21. d5 Bxb2 22.
Qxb2 e5 23. c5 cxd5 24. cxd6 Qxd6 25. Nxe5 Nf4 26. Ng4 d4 27. Kh1 Nce6 28. Qb3
Kg7 29. Nc4 Qc7 30. Nce5 Rbc8 31. Rfd1 Bg6 32. Bf1 Bh5 33. Qb4 Bxg4 34. Nxg4 Qc3
35. Qxc3 Rxc3 36. Ne5 Rfc8 37. a5 R3c5 38. Nd7 Rc2 39. a6 b6 40. Ne5 Rh8 41. Ng4
Rhc8 42. Ne5 Kf6 43. Ng4+ Ke7 44. Ne5 Rh8 45. Ng4 Rd8 46. Ne5 Kf6 47. Ng4+ Kg7
48. Ne5 Rh8 49. Ng4 Rhc8 1/2-1/2

[Event "Sunway Sitges Open 2018"]
[Site "Sitges ESP"]
[Date "2018.12.18"]
[Round "5.21"]
[White "Halkias, Stelios"]
[Black "Borocz, Istvan1"]
[Result "1-0"]
[WhiteTitle "GM"]
[BlackTitle "IM"]
[WhiteElo "2552"]
[BlackElo "2377"]
[WhiteFideId "4201809"]
[BlackFideId "703036"]
[EventDate "2018.12.14"]

1. Nf3 d5 2. d4 Nf6 3. c4 c6 4. g3 a6 5. Nbd2 g6 6. Bg2 Bg7 7. O-O O-O 8. b3 c5
9. Bb2 Nc6 10. dxc5 d4 11. a3 a5 12. b4 axb4 13. axb4 Rxa1 14. Bxa1 Nxb4 15.
Nxd4 Ng4 16. Ne4 Ne5 17. Qa4 Nbc6 18. Nxc6 Nxc6 19. Bxg7 Kxg7 20. e3 Qc7 21. Nc3
Qe5 22. Nd5 f6 23. Qa3 Bf5 24. f4 Qb8 25. Ra1 h5 26. h3 e5 27. Qc3 exf4 28. exf4
Rf7 29. Kh2 Qf8 30. Qe3 Qd8 31. Re1 Qa5 32. Re2 Qa1 33. Qc3 Qxc3 34. Nxc3 Bd3
35. Rb2 Bxc4 36. Ne4 Re7 37. Nd6 Ba6 38. Bxc6 bxc6 39. Rb6 Re2+ 40. Kg1 Re1+ 41.
Kf2 Re2+ 42. Kf3 Ra2 43. Rxc6 Bf1 44. Rc7+ Kg8 45. Rc8+ Kg7 46. Rc7+ Kg8 47. h4
Bg2+ 48. Ke3 Ra3+ 49. Kf2 Ra2+ 50. Ke3 Ra3+ 51. Kf2 Ra2+ 52. Kg1 Rc2 53. Ne8 f5
54. Nf6+ Kf8 55. Nd7+ Ke8 56. Ne5 Be4 57. c6 Kd8 58. Rd7+ Kc8 59. Rg7 Rg2+ 60.
Kf1 Rxg3 61. Rxg6 Rxg6 62. Nxg6 Kc7 63. Kf2 Kxc6 64. Ke3 Kd5 65. Nf8 Bb1 66. Nd7
Ke6 67. Nb6 Ba2 68. Kd4 Kd6 69. Na4 Bd5 70. Nc3 Bf3 71. Nb5+ Kc6 72. Na3 Kd6 73.
Nc4+ Ke6 74. Kc5 Bg2 75. Ne5 Bh1 76. Nc6 Be4 77. Nd4+ Ke7 78. Nb5 Ke6 79. Nc7+
Ke7 80. Kd4 Kf6 81. Ne8+ Kg6 82. Ke5 Bf3 83. Nd6 Bg4 84. Ke6 Bh3 85. Nc8 Bg4 86.
Ne7+ Kg7 87. Ke5 Kf7 88. Nxf5 Bd1 89. Ng3 Bg4 90. f5 Bd1 91. Kf4 Ke7 92. Kg5 Kd6
93. Nxh5 Ke5 94. Nf4 Bc2 95. Ng6+ 1-0

[Event "Sunway Sitges Open 2018"]
[Site "Sitges ESP"]
[Date "2018.12.19"]
[Round "6.1"]
[White "Indjic, Aleksandar"]
[Black "Nihal, Sarin"]
[Result "1/2-1/2"]
[WhiteTitle "GM"]
[BlackTitle "GM"]
[WhiteElo "2620"]
[BlackElo "2576"]
[WhiteFideId "911925"]
[BlackFideId "25092340"]
[EventDate "2018.12.14"]

1. e4 e5 2. Nf3 Nc6 3. Bb5 Nf6 4. d3 Bc5 5. Bxc6 dxc6 6. h3 O-O 7. Nc3 Re8 8.
Be3 Bb4 9. Qd2 Nd7 10. g4 Nf8 11. a3 Ba5 12. Rg1 Qd6 13. d4 exd4 14. Nxd4 c5 15.
Nde2 Qc6 16. Qd5 Qxd5 17. exd5 b6 18. O-O-O Ba6 19. a4 Bxc3 20. Nxc3 Ng6 21. Rg3
Rad8 22. b3 Bb7 23. Nb5 Re7 24. c4 c6 25. dxc6 Rxd1+ 26. Kxd1 Bxc6 27. Nc3 f6
28. Kc2 Ne5 29. f4 1/2-1/2

[Event "Sunway Sitges Open 2018"]
[Site "Sitges ESP"]
[Date "2018.12.19"]
[Round "6.3"]
[White "Santos Latasa, Jaime"]
[Black "Petrosyan, Manuel"]
[Result "0-1"]
[WhiteTitle "GM"]
[BlackTitle "GM"]
[WhiteElo "2584"]
[BlackElo "2565"]
[WhiteFideId "2293307"]
[BlackFideId "13300857"]
[EventDate "2018.12.14"]

1. Nf3 d5 2. c4 c6 3. e3 Nf6 4. d4 Bf5 5. Nc3 e6 6. Nh4 Bg6 7. Be2 Nbd7 8. g3
Be7 9. O-O O-O 10. Nxg6 hxg6 11. Qc2 Rc8 12. Rd1 Qc7 13. Bd2 Rfd8 14. Be1 a6 15.
Rac1 Qb8 16. Qb1 g5 17. h3 g6 18. Kg2 Kg7 19. b4 Rh8 20. a4 Rh7 21. Bd2 Rch8 22.
Rh1 e5 23. cxd5 cxd5 24. b5 a5 25. e4 Bb4 26. Bxg5 Bxc3 27. Bxf6+ Nxf6 28. Rxc3
exd4 29. Rd3 Qe5 30. Qb2 Qxe4+ 31. Rf3 Rc8 32. Bd3 Qe5 33. Qd2 Ne4 34. Qxa5 Ng5
35. Rf4 Rc3 36. Bb1 Nxh3 37. Rg4 Qe2 38. Rxh3 Qf3+ 0-1

[Event "Sunway Sitges Open 2018"]
[Site "Sitges ESP"]
[Date "2018.12.19"]
[Round "6.4"]
[White "Liang, Awonder"]
[Black "Andreikin, Dmitry"]
[Result "1/2-1/2"]
[WhiteTitle "GM"]
[BlackTitle "GM"]
[WhiteElo "2589"]
[BlackElo "2719"]
[WhiteFideId "2056437"]
[BlackFideId "4158814"]
[EventDate "2018.12.14"]

1. e4 c6 2. Nc3 d5 3. Nf3 Bg4 4. h3 Bxf3 5. Qxf3 Nf6 6. d3 e6 7. Be2 Bd6 8. O-O
Nbd7 9. d4 dxe4 10. Nxe4 Nxe4 11. Qxe4 Nf6 12. Qf3 Bc7 13. Rd1 h5 14. h4 Ng4 15.
Bg5 Bh2+ 16. Kh1 f6 17. Be3 Bc7 18. Bc4 Qe7 19. Bf4 O-O-O 20. Bxc7 Qxc7 21.
Bxe6+ Kb8 22. Bxg4 hxg4 23. Qg3 g5 24. Qxc7+ Kxc7 25. g3 gxh4 26. gxh4 Rxh4+ 27.
Kg2 f5 28. c3 Rdh8 29. Rg1 f4 30. Kf1 Re8 31. Re1 Rxe1+ 32. Kxe1 Kd6 33. Kd2 Kd5
34. Kd3 b5 35. a4 a6 36. axb5 axb5 37. Rg2 Rh3+ 38. Kd2 Rh4 39. Kd3 g3 40. fxg3
Rg4 41. b3 fxg3 42. c4+ Ke6 43. cxb5 cxb5 44. Kc3 Kd5 45. Kb4 Kc6 46. Ka5 Rg5
47. b4 Rg6 48. d5+ Kxd5 49. Kxb5 Ke4 50. Kc5 Kf3 51. Rg1 Kf2 52. Ra1 g2 53. b5
Re6 54. b6 Re1 55. Ra2+ Re2 56. Ra1 Re1 57. Ra2+ Re2 58. Ra1 Rb2 59. Kc6 g1=Q
60. Rxg1 Kxg1 61. b7 Rxb7 62. Kxb7 1/2-1/2

[Event "Sunway Sitges Open 2018"]
[Site "Sitges ESP"]
[Date "2018.12.19"]
[Round "6.5"]
[White "Sasikiran, Krishnan"]
[Black "Sadhwani, Raunak"]
[Result "1-0"]
[WhiteTitle "GM"]
[BlackTitle "IM"]
[WhiteElo "2673"]
[BlackElo "2434"]
[WhiteFideId "5004985"]
[BlackFideId "35093487"]
[EventDate "2018.12.14"]

1. e4 c6 2. d4 d5 3. e5 Bf5 4. Nd2 e6 5. Nb3 Nd7 6. Nf3 a6 7. Be2 c5 8. dxc5
Nxc5 9. O-O Rc8 10. c3 Ne7 11. Nxc5 Rxc5 12. Nd4 Bg6 13. b4 Rc8 14. b5 axb5 15.
Bg5 Qa5 16. a4 b4 17. cxb4 Qxb4 18. a5 Nc6 19. Ra4 Qb2 20. a6 Nxd4 21. Qxd4 Ba3
22. Qxb2 Bxb2 23. Bb5+ Kf8 24. axb7 Rb8 25. Ra8 Bxe5 26. Rxb8+ Bxb8 27. Rc1 1-0

[Event "Sunway Sitges Open 2018"]
[Site "Sitges ESP"]
[Date "2018.12.19"]
[Round "6.6"]
[White "Harutyunian, Tigran K."]
[Black "Adly, Ahmed"]
[Result "1-0"]
[WhiteTitle "IM"]
[BlackTitle "GM"]
[WhiteElo "2528"]
[BlackElo "2626"]
[WhiteFideId "13303635"]
[BlackFideId "10601619"]
[EventDate "2018.12.14"]

1. d4 Nf6 2. Nf3 d5 3. c4 e6 4. Nc3 c5 5. Bg5 cxd4 6. Nxd4 e5 7. Bxf6 gxf6 8.
Nc2 d4 9. Nd5 Be6 10. e4 Nd7 11. Bd3 h5 12. O-O h4 13. h3 Bh6 14. b4 f5 15. exf5
Bxd5 16. cxd5 Kf8 17. Na3 Nf6 18. Bc4 Rc8 19. Bb3 Rg8 20. Nb5 a6 21. Nxd4 exd4
22. Qxd4 Qd6 23. Rae1 Bf4 24. Re6 fxe6 25. Qxf6+ Ke8 26. dxe6 Rf8 27. Qg6+ Kd8
28. Rd1 Rc1 29. Rxc1 Bxc1 30. f6 Re8 31. f7 Rf8 32. Qf6+ Qe7 33. Qd4+ Kc8 34.
Qc3+ Kb8 35. Qxc1 Rc8 36. Qe3 Ka8 37. Bd5 Kb8 38. Qb6 Rc1+ 39. Kh2 Rc7 40. Bxb7 1-0

[Event "Sunway Sitges Open 2018"]
[Site "Sitges ESP"]
[Date "2018.12.19"]
[Round "6.7"]
[White "Stella, Andrea"]
[Black "Romanov, Evgeny"]
[Result "1/2-1/2"]
[WhiteTitle "GM"]
[BlackTitle "GM"]
[WhiteElo "2503"]
[BlackElo "2614"]
[WhiteFideId "827061"]
[BlackFideId "4148843"]
[EventDate "2018.12.14"]

1. d4 d5 2. c4 dxc4 3. e4 Nf6 4. e5 Nd5 5. Bxc4 Nc6 6. Ne2 Nb6 7. Bd3 Bg4 8. Be3
Qd7 9. Nbc3 O-O-O 10. a4 Nd5 11. Nxd5 Bxe2 12. Qxe2 Qxd5 13. O-O e6 14. Rfd1 Bb4
15. Bc4 Qe4 16. Bd3 Qd5 17. Bc4 Qe4 18. Bd3 1/2-1/2

[Event "Sunway Sitges Open 2018"]
[Site "Sitges ESP"]
[Date "2018.12.19"]
[Round "6.8"]
[White "Kelires, Andreas"]
[Black "Praggnanandhaa, R"]
[Result "1/2-1/2"]
[WhiteTitle "GM"]
[BlackTitle "GM"]
[WhiteElo "2535"]
[BlackElo "2530"]
[WhiteFideId "5900727"]
[BlackFideId "25059530"]
[EventDate "2018.12.14"]

1. d4 Nf6 2. c4 e6 3. Nf3 d5 4. g3 Be7 5. Bg2 O-O 6. O-O dxc4 7. Qc2 c6 8. Qxc4
b5 9. Qc2 Bb7 10. Bg5 Nbd7 11. Nc3 c5 12. Rfd1 b4 13. Na4 Be4 14. Qc1 cxd4 15.
Rxd4 Qe8 16. Qd1 h6 17. Bd2 a5 18. Rc1 Rc8 19. Ne1 Bxg2 20. Nxg2 Ne5 21. Rxc8
Qxc8 22. Ne3 Qa6 23. b3 Rc8 24. Bc1 Nc6 25. Rd3 Ne5 26. Rd4 Nc6 27. Rd3 Ne5 1/2-1/2

[Event "Sunway Sitges Open 2018"]
[Site "Sitges ESP"]
[Date "2018.12.19"]
[Round "6.9"]
[White "Santos Ruiz, Miguel"]
[Black "Inarkiev, Ernesto"]
[Result "1/2-1/2"]
[WhiteTitle "GM"]
[BlackTitle "GM"]
[WhiteElo "2523"]
[BlackElo "2693"]
[WhiteFideId "22291482"]
[BlackFideId "4162722"]
[EventDate "2018.12.14"]

1. c4 c5 2. Nf3 Nf6 3. Nc3 d5 4. cxd5 Nxd5 5. e4 Nb4 6. Bc4 Nd3+ 7. Ke2 Nf4+ 8.
Kf1 Nd3 9. Ke2 Nf4+ 10. Kf1 Nd3 11. Ke2 Nf4+ 1/2-1/2

[Event "Sunway Sitges Open 2018"]
[Site "Sitges ESP"]
[Date "2018.12.19"]
[Round "6.12"]
[White "Vocaturo, Daniele"]
[Black "Gual Pascual, Antonio"]
[Result "1-0"]
[WhiteTitle "GM"]
[BlackTitle "IM"]
[WhiteElo "2629"]
[BlackElo "2357"]
[WhiteFideId "813192"]
[BlackFideId "2200589"]
[EventDate "2018.12.14"]

1. e4 g6 2. d4 Bg7 3. Nc3 d6 4. f4 a6 5. Nf3 Nd7 6. Bc4 e6 7. f5 exf5 8. exf5
Nb6 9. fxg6 hxg6 10. Bb3 Ne7 11. Bg5 f6 12. Bf4 d5 13. Qe2 g5 14. Bg3 O-O 15.
O-O-O Nf5 16. Bf2 c6 17. g4 Nd6 18. Rdg1 Re8 19. Qd1 a5 20. a4 Be6 21. h4 Ne4
22. Be1 Bf7 23. hxg5 Nxg5 24. Nxg5 fxg5 25. Qd3 Re6 26. Qh7+ Kf8 27. Rf1 Qd6 28.
Bd2 Rae8 29. Bxg5 Nd7 30. Qf5 Nf6 31. Bh4 Qd7 32. Rf4 Kg8 33. Rhf1 Rf8 34. Qd3
Nh7 35. Kb1 Bg6 36. Rxf8+ Nxf8 37. Qd2 Re8 38. Bf6 Bxf6 39. Rxf6 Qxg4 40. Rf1
Re7 41. Ka2 Rf7 42. Re1 Qf4 43. Re3 Kg7 44. Ne2 Qg5 45. Qc3 Re7 46. Rg3 Qh4 47.
Ng1 Re4 48. Rg2 Qe1 49. Qh3 Re3 50. Qh2 Qd1 51. Rd2 Qe1 52. Rf2 Rxb3 53. Kxb3
Qb4+ 54. Ka2 Qxa4+ 55. Kb1 Qxd4 56. Nf3 Qd1+ 57. Ka2 Bxc2 58. Rxc2 Qxf3 59. Rf2
Qe4 60. Qc7+ Kh6 61. Rh2+ Kg6 62. Qg3+ Kf7 63. Rf2+ Ke7 64. Qg7+ 1-0

[Event "Sunway Sitges Open 2018"]
[Site "Sitges ESP"]
[Date "2018.12.19"]
[Round "6.13"]
[White "Dragnev, Valentin"]
[Black "Lagarde, Maxime"]
[Result "1/2-1/2"]
[WhiteTitle "GM"]
[BlackTitle "GM"]
[WhiteElo "2483"]
[BlackElo "2616"]
[WhiteFideId "1634852"]
[BlackFideId "662399"]
[EventDate "2018.12.14"]

1. d4 Nf6 2. c4 g6 3. Nc3 d5 4. Bf4 Bg7 5. e3 O-O 6. cxd5 Nxd5 7. Nxd5 Qxd5 8.
Bxc7 Na6 9. Bxa6 Qxg2 10. Qf3 Qxf3 11. Nxf3 bxa6 12. Rc1 a5 13. Ne5 Bxe5 14.
Bxe5 Be6 15. a3 Rfc8 16. Kd2 Rxc1 17. Rxc1 Rc8 18. Bc7 f5 19. Rc5 a4 20. Kc3 Kf7
21. Kb4 Bb3 22. Kb5 Ke6 23. Kc6 Bd5+ 24. Kb5 Bb3 25. Kc6 Bd5+ 26. Kb5 Bb3 27.
Kc6 1/2-1/2

[Event "Sunway Sitges Open 2018"]
[Site "Sitges ESP"]
[Date "2018.12.19"]
[Round "6.14"]
[White "Gukesh, D"]
[Black "Peralta, Fernando"]
[Result "0-1"]
[WhiteTitle "IM"]
[BlackTitle "GM"]
[WhiteElo "2466"]
[BlackElo "2584"]
[WhiteFideId "46616543"]
[BlackFideId "105309"]
[EventDate "2018.12.14"]

1. e4 e6 2. d4 d5 3. Nd2 c5 4. dxc5 Bxc5 5. exd5 exd5 6. Nb3 Bb6 7. Nf3 Nf6 8.
Bb5+ Nc6 9. O-O O-O 10. c3 Bg4 11. Be2 Re8 12. Nbd4 Nxd4 13. cxd4 Ne4 14. Be3
Nd6 15. Ne5 Bxe2 16. Qxe2 f6 17. Nf3 Qd7 18. Qd3 Re7 19. Bd2 Rae8 20. Bb4 Re4
21. Bc5 Bc7 22. g3 Nf5 23. Rac1 Bb8 24. Rfe1 h5 25. Qf1 Qe6 26. Rcd1 h4 27. a4
hxg3 28. hxg3 Bxg3 29. fxg3 Nxg3 30. Qf2 Ne2+ 31. Kh2 Qg4 32. Qg2 Qf4+ 33. Kh1
Ng3+ 34. Kg1 Re2 35. Qf2 R8e4 36. Rxe2 Rxe2 0-1

[Event "Sunway Sitges Open 2018"]
[Site "Sitges ESP"]
[Date "2018.12.19"]
[Round "6.16"]
[White "Low, Zhen Yu Cyrus"]
[Black "Halkias, Stelios"]
[Result "0-1"]
[WhiteTitle "IM"]
[BlackTitle "GM"]
[WhiteElo "2384"]
[BlackElo "2552"]
[WhiteFideId "5804175"]
[BlackFideId "4201809"]
[EventDate "2018.12.14"]

1. e4 e5 2. Nf3 Nc6 3. Bc4 Nf6 4. d3 Be7 5. O-O d6 6. Re1 O-O 7. a4 Kh8 8. h3
Be6 9. Bxe6 fxe6 10. c3 Qe8 11. b4 Nh5 12. Na3 Qg6 13. Nc4 Nf4 14. Bxf4 Rxf4 15.
b5 Nb8 16. Ncd2 Nd7 17. d4 Raf8 18. Re3 d5 19. exd5 e4 20. dxe6 exf3 21. Nxf3
Nb6 22. g3 Nc4 23. Rd3 Nb2 24. Ne5 Qxe6 25. Qh5 Nxd3 26. Nxd3 R4f5 27. Qg4 Qc4
28. Re1 Qxd3 0-1

[Event "Sunway Sitges Open 2018"]
[Site "Sitges ESP"]
[Date "2018.12.19"]
[Round "6.18"]
[White "Sosa, Tomas ARG"]
[Black "Pranav, Anand"]
[Result "1/2-1/2"]
[WhiteTitle "IM"]
[BlackTitle "FM"]
[WhiteElo "2488"]
[BlackElo "2274"]
[WhiteFideId "121576"]
[BlackFideId "46626786"]
[EventDate "2018.12.14"]

1. e4 c5 2. Nf3 Nc6 3. d4 cxd4 4. Nxd4 Nf6 5. Nc3 e5 6. Ndb5 d6 7. Bg5 a6 8. Na3
b5 9. Nd5 Be7 10. Bxf6 Bxf6 11. c4 b4 12. Nc2 a5 13. g3 O-O 14. h4 Be6 15. Bh3
Rc8 16. Qf3 Nd4 17. Nxd4 exd4 18. Nxf6+ Qxf6 19. Qxf6 gxf6 20. Bxe6 fxe6 21. b3 1/2-1/2

[Event "Sunway Sitges Open 2018"]
[Site "Sitges ESP"]
[Date "2018.12.19"]
[Round "6.19"]
[White "Bharath, Subramaniyam H"]
[Black "Henderson de La Fuente, Lance"]
[Result "1/2-1/2"]
[WhiteTitle "CM"]
[BlackTitle "IM"]
[WhiteElo "2234"]
[BlackElo "2484"]
[WhiteFideId "46634827"]
[BlackFideId "32096585"]
[EventDate "2018.12.14"]

1. e4 c5 2. Nc3 e6 3. f4 d5 4. Nf3 dxe4 5. Nxe4 Nc6 6. Bb5 Bd7 7. Qe2 Be7 8.
Bxc6 Bxc6 9. Ne5 Qc7 10. d3 Nf6 11. Bd2 O-O 12. O-O-O b5 13. Nxc6 Qxc6 14. Qf3
Rac8 15. Nxf6+ Bxf6 16. Qxc6 Rxc6 17. Be3 c4 18. dxc4 Rxc4 19. Rhe1 Rfc8 20. Re2
h5 21. Rd3 a6 22. Red2 Kh7 23. Bd4 Kg6 24. Bxf6 Kxf6 25. g3 g5 26. fxg5+ Kxg5
27. Kd1 f5 28. Re3 R4c6 29. c3 h4 30. Ke2 hxg3 31. hxg3 Rh8 32. Kf3 Rh1 33. Kg2
Rh8 34. Kf3 Kf6 35. Red3 e5 36. Rd7 Re6 37. Kg2 Rg8 38. Kf2 e4 39. Re2 Ke5 40.
Red2 Kf6 41. Re2 Kg5 42. Ke3 Rh8 43. Rf2 Rh3 44. Rg7+ Kf6 45. Rg8 Ke5 46. Rf4
Rh5 47. Rf2 Rhh6 48. Rg5 Ref6 49. g4 Rh3+ 50. Ke2 Rg3 51. Rgxf5+ Rxf5 52. gxf5 1/2-1/2

[Event "Sunway Sitges Open 2018"]
[Site "Sitges ESP"]
[Date "2018.12.19"]
[Round "6.20"]
[White "Gordievsky, Dmitry"]
[Black "Demianjuk, Alexander"]
[Result "1-0"]
[WhiteTitle "GM"]
[BlackTitle "FM"]
[WhiteElo "2614"]
[BlackElo "2344"]
[WhiteFideId "24112798"]
[BlackFideId "4134249"]
[EventDate "2018.12.14"]

1. Nf3 c5 2. c4 Nf6 3. Nc3 Nc6 4. g3 d5 5. cxd5 Nxd5 6. Bg2 g6 7. d3 Bg7 8. Bd2
O-O 9. Qa4 e6 10. Rc1 Bd7 11. Qc2 b6 12. O-O Rc8 13. Qb1 Nce7 14. Rfd1 Bc6 15.
Nxd5 exd5 16. d4 Bb5 17. dxc5 bxc5 18. e3 Qb6 19. Bc3 Rfd8 20. Bxg7 Kxg7 21. b3
Qf6 22. Qa1 Qxa1 23. Rxa1 a5 24. Rd2 a4 25. Rc1 axb3 26. axb3 Ra8 27. h3 Rdc8
28. Rdc2 c4 29. bxc4 Bxc4 30. Ne5 Bb3 31. Rc7 Rxc7 32. Rxc7 Re8 33. g4 f6 34.
Nc6 Kf8 35. Nd4 Bc4 36. Kh2 Rc8 37. Rb7 Kf7 38. h4 Kf8 39. g5 f5 40. Kg3 Kf7 41.
h5 Kf8 42. h6 Kf7 43. Kf4 Ba2 44. Ra7 Bc4 45. Bf3 Rc5 46. Bd1 Bb5 47. Ke5 Ke8 1-0

[Event "Sunway Sitges Open 2018"]
[Site "Sitges ESP"]
[Date "2018.12.19"]
[Round "6.21"]
[White "Xu, Xiangyu"]
[Black "Vaishali, R"]
[Result "1/2-1/2"]
[WhiteTitle "GM"]
[BlackTitle "WGM"]
[WhiteElo "2565"]
[BlackElo "2329"]
[WhiteFideId "8608288"]
[BlackFideId "5091756"]
[EventDate "2018.12.14"]

1. Nf3 d5 2. g3 g6 3. Bg2 Bg7 4. d4 c6 5. O-O Nf6 6. b3 O-O 7. c4 dxc4 8. bxc4
c5 9. Bb2 cxd4 10. Nxd4 Nc6 11. Nxc6 bxc6 12. Qxd8 Rxd8 13. Bxc6 Rb8 14. Be5 Rb4
15. Na3 Ng4 16. Bc7 Bxa1 17. Bxd8 Bf6 18. Rb1 Rxb1+ 19. Nxb1 Kf8 20. Nd2 Bd4 21.
e3 Ne5 22. Bb5 Bc3 23. Ne4 Bb4 1/2-1/2

[Event "Sunway Sitges Open 2018"]
[Site "Sitges ESP"]
[Date "2018.12.19"]
[Round "6.22"]
[White "O'Donnell, Conor"]
[Black "Beliavsky, Alexander G"]
[Result "1/2-1/2"]
[WhiteTitle "FM"]
[BlackTitle "GM"]
[WhiteElo "2346"]
[BlackElo "2544"]
[WhiteFideId "2504243"]
[BlackFideId "14602377"]
[EventDate "2018.12.14"]

1. d4 Nf6 2. c4 e6 3. Nc3 Bb4 4. Qc2 O-O 5. Nf3 d5 6. Bg5 h6 7. Bxf6 Qxf6 8. a3
Bxc3+ 9. Qxc3 c6 10. e3 Nd7 11. cxd5 exd5 12. Bd3 c5 13. O-O b6 14. b3 Bb7 15.
Rac1 Rac8 16. dxc5 bxc5 17. Bb5 Qxc3 18. Rxc3 Nf6 19. Rfc1 c4 20. Nd2 cxb3 21.
Nxb3 Rxc3 22. Rxc3 Rc8 23. Rxc8+ Bxc8 24. Kf1 Kf8 25. Ke2 Ke7 26. f3 Kd6 27. Kd2
Ng8 28. Kc3 Ne7 29. Nd4 Nf5 30. Nxf5+ Bxf5 31. Kd4 Bc8 32. Be8 f6 33. Bf7 Bb7
34. f4 Bc6 35. h4 Bb7 36. Bh5 Bc8 37. Bd1 Ba6 38. Bf3 Bb7 39. g3 Bc6 40. Be2 Bb7
41. Bb5 Bc8 42. Ba4 Bb7 43. Bb3 1/2-1/2

[Event "Sunway Sitges Open 2018"]
[Site "Sitges ESP"]
[Date "2018.12.19"]
[Round "6.23"]
[White "Vasquez Schroeder, Rodrigo"]
[Black "Ingebretsen, Jens E"]
[Result "1-0"]
[WhiteTitle "GM"]
[WhiteElo "2495"]
[BlackElo "2251"]
[WhiteFideId "3400042"]
[BlackFideId "1522965"]
[EventDate "2018.12.14"]

1. d4 Nf6 2. Nf3 g6 3. Bf4 b6 4. e3 Bb7 5. h3 Bg7 6. c3 O-O 7. Nbd2 d6 8. Be2
Nbd7 9. O-O Qe8 10. a4 e5 11. Bh2 h6 12. a5 Nh7 13. Qa4 Rc8 14. Rfd1 Qe7 15.
axb6 axb6 16. Qa7 Rb8 17. Ba6 Bxa6 18. Qxa6 e4 19. Ne1 b5 20. Qc6 Ndf6 21. Ra7
Rfc8 22. Nc2 Bf8 23. Rda1 Ng5 24. Nb4 Qd8 25. R1a6 Be7 26. h4 Ne6 27. Nxe4 Nxe4
28. Qxe4 Bxh4 29. Nc6 Qf6 30. Qf3 Qxf3 31. gxf3 Rb6 32. Rxb6 cxb6 33. d5 Nc7 34.
e4 b4 35. Nxb4 Bg5 36. Rb7 Ne8 37. Rxb6 Ra8 38. Nc6 Bd2 39. Rb8 Rxb8 40. Nxb8
Kf8 41. Nc6 f5 42. exf5 gxf5 43. Nd4 Bc1 44. b4 Bd2 45. Nc6 f4 46. b5 Nc7 47. c4
Na8 48. Kf1 Nb6 49. Ke2 Bc1 50. Kd3 h5 51. Nd4 Kf7 52. Nf5 Nc8 53. Ke4 Ba3 54.
Bxf4 Kf6 55. Bg3 Kg5 56. Bh4+ Kg6 57. Ne7+ Nxe7 58. Bxe7 Bc5 59. Bd8 Bxf2 60. b6
h4 61. b7 Ba7 62. Bc7 h3 63. Bxd6 1-0